States of Germany by Images - Statistics

General Stats
  • This quiz has been taken 15 times
  • The average score is 10 of 16
Answer Stats
Picture Answer % Correct
North Rhine Westphalia
93%
Saxony
80%
Baden Wurttemberg
73%
Berlin
73%
Bremen
73%
Hamburg
73%
Schleswig Holstein
73%
Bavaria
67%
Rhineland Palatinate
60%
Saarland
60%
Hesse
53%
Thuringia
53%
Brandenburg
47%
Lower Saxony
47%
Mecklenburg Vorpommern
47%
Saxony Anhalt
40%
No matching quizzes found
Score Distribution
Percent of People with Each Score
Percentile by Number Answered
Your Score History
You have not taken this quiz